The World's best mother-in-law jokes
| Main Author: | |
|---|---|
| Other Authors: | |
| Format: | Book |
| Published: |
London :
Angus & Robertson ,
1990
|
| Subjects: |
MARC
| LEADER | 00000cam a2200000 7i4500 | ||
|---|---|---|---|
| 001 | 0000002802 | ||
| 002 | 000003033 | ||
| 005 | 20000330.0 | ||
| 020 | |a 020715466X | ||
| 090 | 0 | 0 | |a 828.91402 |b MAC |
| 100 | 1 | |a Machale, Des | |
| 245 | 1 | 4 | |a The World's best mother-in-law jokes |c Des MacHale |
| 260 | |a London : |b Angus & Robertson , |c 1990 | ||
| 300 | |a p.v. : |b ill. ; |c 22 cm. | ||
| 650 | 0 | 0 | |a English wit and humor |
| 700 | 1 | |a Silvestro, Louis | |
| 999 | |a 036405 |b BUKU |c PINJAMAN |e PERPUSTAKAAN KOMUNITI PETALING JAYA | ||